000 00510nam a2200181Ia 4500
008 090123s9999 xx 000 0 und d
082 _b628
100 _aमिरासदार द.मा.
245 _aहुबेहुब
250 _a1
260 _bकुलकर्णी अ.अ.
300 _a137
600 _aमिरासदार द.मा.
630 _aहुबेहुब
700 _aमिरासदार द.मा.
730 _aहुबेहुब
942 _cBOOK
999 _c38715
_d38715